000 00271nam a22001217a 4500
008 180528b xxu||||| |||| 00| 0 eng d
041 _aeng
080 _a341
100 _a14
101 _aSHJ
245 _aMbrojtja e te dhenave personale
_cJashari, R
942 _2udc
_cBK
999 _c46241
_d46241